00630nam a2200169 a 450000500170000000800410001702000180005805000280007610000200010424501110012426000430023530000200027844000380029850000510033665000500038765000230043720140310183623.0120904s19uu xx 00 eng d a9780230111134 aHD 62.25b.Sch3683 2011 aSchuman, Amy M. aNurturing the talent to nurture the legacy :bcareer development in the family business /cAmy M. Schuman. aNew York :bPalgrave Macmillan,c2011. a93 p. :c23 cm. aFamily Business Leadership Series aIncludes bibliographical references and index. aFamily-owned business enterprisesxManagement aCareer development